[Event "GER-chT School WK GS"]
[Site "Playchess.com INT"]
[Date "2020.06.18"]
[Round "4.4"]
[White "Kathoefer, Lionel"]
[Black "Marx, Thomas1111"]
[Result "1/2-1/2"]
[WhiteElo "1353"]
[BlackElo "1554"]
[PlyCount "82"]
[EventDate "2020.06.11"]
[EventType "team-swiss (blitz)"]
[EventRounds "7"]
[EventCountry "GER"]
[SourceTitle "EXT 2021"]
[Source "ChessBase"]
[SourceDate "2020.10.23"]
[SourceVersion "1"]
[SourceVersionDate "2020.10.23"]
[SourceQuality "1"]
[WhiteTeam "Trier Tarf RP"]
[BlackTeam "Sennewitz Sah"]
[WhiteTeamCountry "GER"]
[BlackTeamCountry "GER"]

1. c3 e5 2. d4 exd4 3. cxd4 d5 4. Nc3 Nf6 5. e3 Nc6 6. Bb5 Bd7 7. Bxc6 Bxc6 8. Nf3 Bb4 9. Ne5 0-0 10. Nxc6 bxc6 11. 0-0 Qb8 12. a3 Ba5 13. Qd3 Re8 14. Bd2 Qxb2 15. Rab1 Qxa3 16. Rfd1 Rab8 17. Re1 Rb3 18. Rxb3 Qxb3 19. Rb1 Qa3 20. h3 Bb4 21. g3 Rb8 22. h4 Rb6 23. Kg2 Bxc3 24. Rxb6 axb6 25. Bxc3 Ng4 26. Kh3 Nxf2+ 27. Kg2 Nxd3 28. Bd2 Qb2 29. Kf3 Qxd2 30. Kg4 Qxe3 31. h5 Qxd4+ 32. Kh3 Ne5 33. g4 Qxg4+ 34. Kh2 Qxh5+ 35. Kg2 b5 36. Kf2 Qd1 37. Ke3 b4 38. Kf4 Ng6+ 39. Kg5 b3 40. Kf5 b2 41. Kg5 b1Q 1/2-1/2